[Event "South Moravia Region-chT 2223"]
[Site "Czech Republic"]
[Date "2023.03.19"]
[Round "10.3"]
[White "Vrtal, Jaroslav"]
[Black "Kladnak, Martin"]
[Result "1-0"]
[WhiteElo "2001"]
[BlackElo "1985"]
[PlyCount "59"]
[EventDate "2022.10.09"]
[EventType "team-tourn"]
[EventRounds "11"]
[EventCountry "CZE"]
[SourceTitle "EXT 2024"]
[Source "ChessBase"]
[SourceDate "2023.10.10"]
[SourceVersion "1"]
[SourceVersionDate "2023.10.10"]
[SourceQuality "1"]

1. d4 d5 2. Nf3 Nf6 3. Bf4 e6 4. e3 Bd6 5. Bg5 Be7 6. Nbd2 0-0 7. Bd3 b6 8. Qe2 c5 9. c3 Bb7 10. Bxf6 Bxf6 11. dxc5 bxc5 12. e4 Nc6 13. e5 Be7 14. h4 g6 15. h5 c4 16. Bc2 d4 17. Nxc4 Ba6 18. Bd3 dxc3 19. bxc3 Na5 20. Nd6 Bxd3 21. Qxd3 Nc6 22. Rd1 Kg7 23. Qe3 Qb6 24. Qd2 Rh8 25. h6+ Kf8 26. 0-0 Rd8 27. Qf4 Bxd6 28. exd6 Rd7 29. Ng5 Ke8 30. Qf6 1-0

[Event "South Moravia Region-chT 2223"]
[Site "Czech Republic"]
[Date "2022.11.27"]
[Round "4.3"]
[White "Pavlik, Vladimir"]
[Black "Kladnak, Martin"]
[Result "1-0"]
[WhiteElo "1906"]
[BlackElo "1985"]
[PlyCount "67"]
[EventDate "2022.10.09"]
[EventType "team-tourn"]
[EventRounds "11"]
[EventCountry "CZE"]
[SourceTitle "EXT 2024"]
[Source "ChessBase"]
[SourceDate "2023.10.10"]
[SourceVersion "1"]
[SourceVersionDate "2023.10.10"]
[SourceQuality "1"]

1. e4 e5 2. Nf3 Nc6 3. Bb5 Nge7 4. 0-0 g6 5. c3 Bg7 6. d4 exd4 7. cxd4 d5 8. exd5 Qxd5 9. Nc3 Qd6 10. d5 Bxc3 11. bxc3 Qxd5 12. Qa4 Bd7 13. Bg5 a6 14. Bxc6 Qxc6 15. Qa3 f6 16. Rfe1 0-0-0 17. Nd4 Qd5 18. Bxf6 Nf5 19. Bxh8 Nh4 20. f3 Qg5 21. g3 Rxh8 22. Qe7 Qxe7 23. Rxe7 Nf5 24. Nxf5 Bxf5 25. Rae1 c5 26. R1e5 b6 27. Re8+ Rxe8 28. Rxe8+ Kd7 29. Ra8 a5 30. Ra7+ Kc6 31. Kf2 Be6 32. a3 Bd5 33. Rxh7 Kb5 34. Rg7 1-0

[Event "Stare Mesto op"]
[Site "Stare Mesto"]
[Date "2016.08.12"]
[Round "9"]
[White "Husek, Martin"]
[Black "Kladnak, Martin"]
[Result "1-0"]
[WhiteElo "2089"]
[BlackElo "1927"]
[PlyCount "107"]
[EventDate "2016.08.05"]
[EventType "swiss"]
[EventRounds "10"]
[EventCountry "CZE"]
[SourceTitle "CBM 173 Extra"]
[Source "ChessBase"]
[SourceDate "2016.08.29"]
[SourceVersion "1"]
[SourceVersionDate "2016.08.29"]
[SourceQuality "1"]

1. e4 c5 2. Nf3 Nc6 3. d4 cxd4 4. Nxd4 Nf6 5. Nc3 d6 6. Bg5 e6 7. f4 Be7 8. Qd2 0-0 9. 0-0-0 Nxd4 10. Qxd4 Qa5 11. Kb1 Rd8 12. Qd2 Bd7 13. Bxf6 Bxf6 14. Nd5 Qxd2 15. Nxf6+ gxf6 16. Rxd2 Bc6 17. Bd3 Kf8 18. Rhd1 Ke7 19. c4 Rg8 20. Kc2 Rg4 21. g3 Rd8 22. Kc3 e5 23. Be2 Rg6 24. c5 Bxe4 25. cxd6+ Kd7 26. Bh5 Rc8+ 27. Kb4 Rh6 28. Bxf7 exf4 29. Re1 f5 30. g4 Rxd6 31. Be6+ Kxe6 32. gxf5+ Ke5 33. Rxd6 Kxd6 34. Rxe4 Rf8 35. Rxf4 Ke5 36. Rh4 Rf7 37. Rh5 Rc7 38. a4 Kf6 39. Kb5 Rc2 40. b3 Rc7 41. h3 Ke5 42. b4 Kf6 43. Ka5 Ke5 44. b5 b6+ 45. Ka6 Kf6 46. Rh6+ Kxf5 47. Rc6 Rd7 48. Rc8 Kg5 49. Ra8 Rd4 50. Rxa7 Rxa4+ 51. Kxb6 Rh4 52. Ra3 Rb4 53. Kc6 h5 54. b6 1-0

[Event "Brno Duras op"]
[Site "Brno"]
[Date "2015.07.02"]
[Round "6"]
[White "Kladnak, Martin"]
[Black "Balazec, Ludovit"]
[Result "1/2-1/2"]
[WhiteElo "1856"]
[BlackElo "1964"]
[PlyCount "92"]
[EventDate "2015.06.27"]
[EventType "swiss"]
[EventRounds "9"]
[EventCountry "CZE"]
[SourceTitle "CBM 167 Extra"]
[Source "ChessBase"]
[SourceDate "2015.09.14"]
[SourceVersion "1"]
[SourceVersionDate "2015.09.14"]
[SourceQuality "1"]

1. e4 c5 2. Nc3 a6 3. f4 e6 4. Nf3 d5 5. d4 cxd4 6. Nxd4 Bb4 7. Bd3 dxe4 8. Bxe4 Nf6 9. Bf3 0-0 10. 0-0 Qc7 11. Nce2 Rd8 12. c3 Bc5 13. Be3 Nd5 14. Bxd5 Rxd5 15. Qb3 Nc6 16. Rad1 Na5 17. Qc2 Nc4 18. Bf2 b5 19. Kh1 Bb7 20. Rd3 Rh5 21. Rfd1 Be4 22. b3 Bxd3 23. Rxd3 Nb6 24. Qd2 Nd5 25. Bg3 Bd6 26. f5 e5 27. Nxb5 axb5 28. Rxd5 Rh6 29. Rxb5 e4 30. Nf4 e3 31. Qxe3 Rxa2 32. Ne2 Ra1+ 33. Ng1 Ra8 34. Qe4 Rd8 35. Bxd6 Qxd6 36. h3 Qd1 37. Kh2 Ra6 38. Ne2 Qd6+ 39. Ng3 h6 40. c4 Ra3 41. c5 Qc7 42. f6 g6 43. Qe7 Ra7 44. Qxc7 Rxc7 45. Ne4 Rc6 46. Nd6 Rcxd6 1/2-1/2

[Event "Brno Duras op"]
[Site "Brno"]
[Date "2015.06.29"]
[Round "3"]
[White "Nemec, David"]
[Black "Kladnak, Martin"]
[Result "0-1"]
[WhiteElo "1677"]
[BlackElo "1856"]
[PlyCount "60"]
[EventDate "2015.06.27"]
[EventType "swiss"]
[EventRounds "9"]
[EventCountry "CZE"]
[SourceTitle "CBM 167 Extra"]
[Source "ChessBase"]
[SourceDate "2015.09.14"]
[SourceVersion "1"]
[SourceVersionDate "2015.09.14"]
[SourceQuality "1"]

1. c4 e6 2. Nc3 d5 3. cxd5 exd5 4. d4 Nf6 5. g3 Be7 6. Bg2 0-0 7. Nf3 b6 8. 0-0 Bb7 9. Bf4 c5 10. Qb3 c4 11. Qc2 Nc6 12. Rad1 Rc8 13. Rfe1 Re8 14. Ng5 h6 15. Nh3 a6 16. a4 Qd7 17. f3 Nb4 18. Qb1 Bc6 19. b3 b5 20. axb5 Bxb5 21. Nf2 Qa7 22. e4 cxb3 23. Nxb5 axb5 24. Qxb3 Nc2 25. Qxb5 Nxe1 26. Rxe1 dxe4 27. Nxe4 Qxd4+ 28. Be3 Qb4 29. Qxb4 Bxb4 30. Re2 Bc5 0-1

[Event "CZE-chT U20 Extraliga final-A 1415"]
[Site "Czech Republic"]
[Date "2015.04.25"]
[Round "9.4"]
[White "Horak, Martin"]
[Black "Kladnak, Martin"]
[Result "1-0"]
[WhiteElo "2066"]
[BlackElo "1859"]
[PlyCount "57"]
[EventDate "2014.10.11"]
[EventType "team-tourn"]
[EventRounds "11"]
[EventCountry "CZE"]
[SourceTitle "EXT 2021"]
[Source "ChessBase"]
[SourceDate "2020.10.23"]
[SourceVersion "1"]
[SourceVersionDate "2020.10.23"]
[SourceQuality "1"]
[WhiteTeam "Vlasim (U20)"]
[BlackTeam "Brno Duras (U20)"]
[WhiteTeamCountry "CZE"]
[BlackTeamCountry "CZE"]

1. e4 c5 2. Nf3 d6 3. d4 cxd4 4. Qxd4 Nc6 5. Bb5 Bd7 6. Bxc6 Bxc6 7. Nc3 Nf6 8. Bg5 e6 9. 0-0-0 Be7 10. Rhe1 Qa5 11. Kb1 0-0 12. Qd2 Rfd8 13. Nd4 Rac8 14. f4 h6 15. Bxf6 Bxf6 16. g4 Ba4 17. Rg1 Rc4 18. Nde2 Rdc8 19. Rg3 R8c6 20. Rd3 b5 21. Rxd6 b4 22. Nxa4 Qxa4 23. Rxc6 Rxc6 24. e5 Be7 25. Qd3 Ra6 26. Nc1 Rc6 27. Qe4 Qb5 28. Rd7 Qc5 29. Rxe7 1-0

[Event "Kouty nad Desnou op-A"]
[Site "Kouty nad Desnou"]
[Date "2015.03.08"]
[Round "2"]
[White "Krupa, Miroslav"]
[Black "Kladnak, Martin"]
[Result "0-1"]
[WhiteElo "1663"]
[BlackElo "1859"]
[PlyCount "100"]
[EventDate "2015.03.07"]
[EventType "swiss"]
[EventRounds "9"]
[EventCountry "CZE"]
[SourceTitle "EXT 2017"]
[Source "ChessBase"]
[SourceDate "2016.10.25"]
[SourceVersion "1"]
[SourceVersionDate "2016.10.25"]
[SourceQuality "1"]

1. e4 e5 2. Nf3 Nc6 3. Bb5 Nge7 4. Nc3 g6 5. d4 exd4 6. Nd5 Bg7 7. Bg5 h6 8. Bf6 Bxf6 9. Nxf6+ Kf8 10. Nxd4 Kg7 11. Ng4 d6 12. Ne3 Bd7 13. 0-0 a6 14. Be2 Re8 15. Qd3 f6 16. c3 Nxd4 17. Qxd4 Nc6 18. Qd3 Ne5 19. Qd2 Bc6 20. f3 Qe7 21. Rfe1 Rad8 22. Qc2 d5 23. exd5 Bxd5 24. Nxd5 Rxd5 25. Bf1 Qc5+ 26. Kh1 Red8 27. Rad1 Qb6 28. b3 Qc5 29. Be2 Qf2 30. Rf1 Qe3 31. c4 Rd2 32. Qe4 Qxe4 33. fxe4 Rxd1 34. Rxd1 Rxd1+ 35. Bxd1 c5 36. Be2 Kf7 37. Kg1 Ke6 38. Kf2 a5 39. a3 Nc6 40. Ke3 Ke5 41. g4 Nd4 42. Bd1 g5 43. h3 Ne6 44. Bf3 Nf4 45. h4 gxh4 46. Bh1 Ne6 47. Bf3 Nd4 48. Bd1 b6 49. a4 h3 50. Kf2 Kf4 0-1

[Event "Kouty nad Desnou op-A"]
[Site "Kouty nad Desnou"]
[Date "2015.03.07"]
[Round "1"]
[White "Kladnak, Martin"]
[Black "Formanek, Martin"]
[Result "0-1"]
[WhiteElo "1859"]
[BlackElo "2216"]
[PlyCount "98"]
[EventDate "2015.03.07"]
[EventType "swiss"]
[EventRounds "9"]
[EventCountry "CZE"]
[SourceTitle "EXT 2017"]
[Source "ChessBase"]
[SourceDate "2016.10.25"]
[SourceVersion "1"]
[SourceVersionDate "2016.10.25"]
[SourceQuality "1"]

1. e4 c5 2. Nc3 d6 3. f4 g6 4. Nf3 Bg7 5. Bb5+ Bd7 6. Bxd7+ Qxd7 7. 0-0 Nc6 8. d3 Nf6 9. Qe1 0-0 10. h3 Rac8 11. Qh4 Nd4 12. Rf2 d5 13. f5 dxe4 14. dxe4 gxf5 15. e5 Nxf3+ 16. Rxf3 Ne4 17. Rd3 Qe6 18. Nxe4 fxe4 19. Qxe4 Qxe5 20. Qh4 Rfd8 21. Rg3 Rd1+ 22. Kh2 Rd4 23. Qg5 Qxg5 24. Bxg5 Kf8 25. Bxe7+ Kxe7 26. Rxg7 Rc6 27. Re1+ Re6 28. Rf1 Rf6 29. Rxf6 Kxf6 30. Rg3 Rd2 31. Rc3 b6 32. Kg3 Ke5 33. b3 Kd5 34. Kf3 b5 35. g4 Kd4 36. Re3 Rxc2 37. Re7 Rxa2 38. Rxf7 Ra3 39. Rxh7 c4 40. Rd7+ Ke5 41. Re7+ Kf6 42. Rb7 a6 43. Kf4 cxb3 44. g5+ Ke6 45. g6 Ra1 46. g7 Rg1 47. Rb6+ Kd5 48. Rxa6 b2 49. Ra8 b1Q 0-1

[Event "CZE-chT U20 Extraliga Ost 1415"]
[Site "Czech Republic"]
[Date "2015.01.24"]
[Round "6.4"]
[White "Kladnak, Martin"]
[Black "Sramek, Ondrej"]
[Result "0-1"]
[WhiteElo "1859"]
[BlackElo "1863"]
[PlyCount "38"]
[EventDate "2014.10.11"]
[EventType "team-tourn"]
[EventRounds "11"]
[EventCountry "CZE"]
[SourceTitle "EXT 2021"]
[Source "ChessBase"]
[SourceDate "2020.10.23"]
[SourceVersion "1"]
[SourceVersionDate "2020.10.23"]
[SourceQuality "1"]
[WhiteTeam "Brno Duras (U20)"]
[BlackTeam "Orlova Slavia (U20)"]
[WhiteTeamCountry "CZE"]
[BlackTeamCountry "CZE"]

1. e4 e5 2. Nf3 Nc6 3. Bb5 Nf6 4. d3 d6 5. c4 Bd7 6. Nc3 Be7 7. d4 0-0 8. 0-0 Re8 9. Re1 exd4 10. Nxd4 h6 11. Bf4 Bf8 12. Bxc6 bxc6 13. e5 dxe5 14. Bxe5 c5 15. Ndb5 c6 16. Nd6 Bg4 17. Qd2 Rxe5 18. Rxe5 Bxd6 19. Ree1 Bxh2+ 0-1

[Event "CZE-chT U20 Extraliga Ost 1415"]
[Site "Czech Republic"]
[Date "2015.01.24"]
[Round "7.4"]
[White "Kuchar, Matej"]
[Black "Kladnak, Martin"]
[Result "0-1"]
[WhiteElo "1940"]
[BlackElo "1859"]
[PlyCount "132"]
[EventDate "2014.10.11"]
[EventType "team-tourn"]
[EventRounds "11"]
[EventCountry "CZE"]
[SourceTitle "EXT 2021"]
[Source "ChessBase"]
[SourceDate "2020.10.23"]
[SourceVersion "1"]
[SourceVersionDate "2020.10.23"]
[SourceQuality "1"]
[WhiteTeam "Frydek Mistek (U20)"]
[BlackTeam "Brno Duras (U20)"]
[WhiteTeamCountry "CZE"]
[BlackTeamCountry "CZE"]

1. e4 e5 2. Nf3 Nc6 3. d4 exd4 4. Nxd4 Bc5 5. Nb3 Bb6 6. Nc3 Nge7 7. Qe2 d6 8. Be3 0-0 9. 0-0-0 f5 10. Qd2 Be6 11. Kb1 Qe8 12. Bd3 Rd8 13. Rhe1 Bxe3 14. Qxe3 f4 15. Qd2 Ne5 16. Nd4 N7c6 17. Bb5 Qf7 18. Nxe6 Qxe6 19. Nd5 Qf7 20. f3 a6 21. Ba4 Nc4 22. Qe2 N6e5 23. Bb3 b5 24. Nb4 Kh8 25. Nd3 Qe7 26. Nxe5 Nxe5 27. Rd5 Rb8 28. Rf1 Qh4 29. Rh1 Rfd8 30. Rdd1 Qf6 31. c3 a5 32. Rdf1 a4 33. Bd1 a3 34. b3 d5 35. exd5 Rxd5 36. Bc2 Nc4 37. Re1 Ne3 38. Be4 Rd6 39. Rc1 Rbd8 40. Qxb5 Rd2 41. Qb4 Qd6 42. Qxd6 Rb2+ 43. Ka1 Rxd6 44. Bb1 Rxg2 45. Rhg1 Rxh2 46. Rg5 h5 47. Ra5 Rd8 48. Ra7 g5 49. Rxc7 Kg8 50. Rg1 g4 51. fxg4 hxg4 52. Re7 Rg2 53. Re1 Nc2+ 54. Bxc2 Rxc2 55. Kb1 Rxc3 56. R7e5 g3 57. Rg5+ Kf7 58. Rf5+ Kg6 59. Rxf4 Kg5 60. Rf7 Kg4 61. Rf6 Rd2 62. Rg1 g2 63. Rg6+ Kf3 64. Rg8 Rf2 65. Rf8+ Kg3 66. Rg8+ Kh2 0-1

[Event "CZE-chT U20 Extraliga Ost 1415"]
[Site "Czech Republic"]
[Date "2014.10.12"]
[Round "4.4"]
[White "Kladnak, Martin"]
[Black "Nespor, Jakub"]
[Result "0-1"]
[WhiteElo "1859"]
[BlackElo "1765"]
[PlyCount "70"]
[EventDate "2014.10.11"]
[EventType "team-tourn"]
[EventRounds "11"]
[EventCountry "CZE"]
[SourceTitle "EXT 2021"]
[Source "ChessBase"]
[SourceDate "2020.10.23"]
[SourceVersion "1"]
[SourceVersionDate "2020.10.23"]
[SourceQuality "1"]
[WhiteTeam "Brno Duras (U20)"]
[BlackTeam "Policka Stefanydes (U20)"]
[WhiteTeamCountry "CZE"]
[BlackTeamCountry "CZE"]

1. d4 g6 2. Nf3 Bg7 3. c4 d6 4. Nc3 Nf6 5. Bg5 0-0 6. e3 h6 7. Bh4 Nc6 8. Be2 g5 9. Bg3 Bf5 10. 0-0 Nd7 11. Rc1 e5 12. d5 Ne7 13. e4 Bg6 14. Nd2 f5 15. exf5 Nxf5 16. Nde4 b6 17. Bh5 Qe8 18. Bxg6 Qxg6 19. Nb5 Rfc8 20. Qd2 a6 21. Nbc3 Nf6 22. b4 Nxe4 23. Nxe4 Nd4 24. Qe3 a5 25. b5 Rf8 26. f3 Rf7 27. Rf2 Raf8 28. Rcf1 g4 29. fxg4 Rxf2 30. Nxf2 Qc2 31. g5 Qxc4 32. gxh6 Ne2+ 33. Kh1 Nxg3+ 34. hxg3 Qxf1+ 35. Kh2 Qxf2 0-1

[Event "Brno Duras op-A"]
[Site "Brno"]
[Date "2014.07.06"]
[Round "9"]
[White "Prokop, Jiri"]
[Black "Kladnak, Martin"]
[Result "0-1"]
[WhiteElo "1727"]
[BlackElo "1696"]
[PlyCount "88"]
[EventDate "2014.06.28"]
[EventType "swiss"]
[EventRounds "9"]
[EventCountry "CZE"]
[SourceTitle "CBM 161 Extra"]
[Source "ChessBase"]
[SourceDate "2014.08.29"]
[SourceVersion "1"]
[SourceVersionDate "2014.08.29"]
[SourceQuality "1"]

1. f4 Nf6 2. Nf3 d5 3. d4 e6 4. e3 Be7 5. Bd3 c5 6. c3 Nc6 7. Nbd2 c4 8. Bc2 0-0 9. 0-0 b5 10. Ne5 Bb7 11. a3 a5 12. Rf3 Nxe5 13. fxe5 Ne4 14. Nxe4 dxe4 15. Rh3 g6 16. Qg4 Qd5 17. Bd2 f5 18. exf6 Rxf6 19. Rf1 Rxf1+ 20. Kxf1 Qf5+ 21. Qf4 b4 22. axb4 axb4 23. cxb4 Ra2 24. Ke1 Qxf4 25. exf4 Rxb2 26. Kd1 Bxb4 27. Bxb4 Rxb4 28. Re3 Bd5 29. g3 Kf7 30. h4 Kf6 31. Kd2 Rb2 32. Kc1 Ra2 33. Kb1 Ra7 34. Kb2 Kf5 35. Bd1 Rb7+ 36. Kc3 Rb1 37. Kc2 Ra1 38. Kd2 Ra2+ 39. Kc1 Rf2 40. Be2 Rf3 41. Bxf3 exf3 42. Re5+ Kg4 43. Rg5+ Kh3 44. Kd2 Kg2 0-1

[Event "Brno Duras op-A"]
[Site "Brno"]
[Date "2014.07.02"]
[Round "5"]
[White "Kladnak, Martin"]
[Black "Kucera, Michal"]
[Result "0-1"]
[WhiteElo "1696"]
[BlackElo "1929"]
[PlyCount "36"]
[EventDate "2014.06.28"]
[EventType "swiss"]
[EventRounds "9"]
[EventCountry "CZE"]
[SourceTitle "CBM 161 Extra"]
[Source "ChessBase"]
[SourceDate "2014.08.29"]
[SourceVersion "1"]
[SourceVersionDate "2014.08.29"]
[SourceQuality "1"]

1. e4 c5 2. Nc3 Nc6 3. Bb5 g6 4. f4 Bg7 5. Nf3 Nd4 6. 0-0 Nxb5 7. Nxb5 a6 8. Nc3 d6 9. d3 e6 10. Qe1 Ne7 11. Nh4 0-0 12. g4 f5 13. Qg3 d5 14. exf5 exf5 15. g5 Nc6 16. Nf3 Nd4 17. Nxd4 Bxd4+ 18. Be3 Bxe3+ 0-1

[Event "Brno Duras op-A"]
[Site "Brno"]
[Date "2014.06.29"]
[Round "2"]
[White "Kladnak, Martin"]
[Black "Danek, Daniel"]
[Result "0-1"]
[WhiteElo "1696"]
[BlackElo "1905"]
[PlyCount "104"]
[EventDate "2014.06.28"]
[EventType "swiss"]
[EventRounds "9"]
[EventCountry "CZE"]
[SourceTitle "CBM 161 Extra"]
[Source "ChessBase"]
[SourceDate "2014.08.29"]
[SourceVersion "1"]
[SourceVersionDate "2014.08.29"]
[SourceQuality "1"]

1. d4 Nf6 2. Nf3 g6 3. c4 Bg7 4. Nc3 0-0 5. Bg5 h6 6. Bh4 d6 7. e3 c6 8. Be2 Bf5 9. 0-0 Nbd7 10. Re1 Re8 11. b4 e5 12. dxe5 dxe5 13. Nd2 Qb6 14. a3 c5 15. Bxf6 Nxf6 16. Na4 Qc6 17. Nxc5 Rad8 18. Qc1 b6 19. Ncb3 Ne4 20. Bf3 h5 21. h3 h4 22. c5 Rd3 23. Rd1 Red8 24. Nxe4 Rxd1+ 25. Bxd1 Bxe4 26. cxb6 axb6 27. Qxc6 Bxc6 28. Bc2 Ba4 29. e4 Bh6 30. Kf1 Rc8 31. Ra2 Rc3 32. Rb2 b5 33. Ke1 Rxc2 34. Rxc2 Bxb3 35. Rc5 Bc4 36. a4 Bf8 37. Rc8 Kg7 38. axb5 Bxb4+ 39. Kd1 Bxb5 40. Rb8 Ba4+ 41. Ke2 Bd6 42. Rc8 f5 43. exf5 gxf5 44. Ra8 Bb5+ 45. Ke1 Bb4+ 46. Kd1 Bf1 47. Ra4 Be7 48. f4 e4 49. Ra2 e3 50. Rb2 Bd6 51. Ke1 Bc4 52. Rb7+ Kg8 0-1

[Event "CZE-chTA U20 1314"]
[Site "Czech Republic"]
[Date "2014.04.26"]
[Round "9.4"]
[White "Kladnak, Martin"]
[Black "Pychova, Nela"]
[Result "0-1"]
[WhiteElo "1945"]
[BlackElo "1970"]
[PlyCount "100"]
[EventDate "2013.10.12"]
[EventType "team-tourn"]
[EventRounds "11"]
[EventCountry "CZE"]
[SourceTitle "EXT 2015"]
[Source "ChessBase"]
[SourceDate "2014.11.20"]
[SourceVersion "1"]
[SourceVersionDate "2014.11.20"]
[SourceQuality "1"]
[WhiteTeam "Brno Duras (U20)"]
[BlackTeam "Vlasim (U20)"]
[WhiteTeamCountry "CZE"]
[BlackTeamCountry "CZE"]

1. d4 d5 2. Bg5 Nf6 3. Bxf6 exf6 4. e3 c6 5. Bd3 Bd6 6. Nd2 f5 7. Qf3 g6 8. Ne2 Nd7 9. h3 Nf6 10. 0-0-0 Ne4 11. Nf4 Qa5 12. Nb3 Qxa2 13. Bxe4 dxe4 14. Qe2 Bxf4 15. exf4 Be6 16. d5 Bxd5 17. Rxd5 cxd5 18. Qb5+ Kf8 19. Qxd5 Rc8 20. Rd1 Qa6 21. Qd4 Kg8 22. h4 Qc4 23. Qxc4 Rxc4 24. Rd7 Rb4 25. Na5 Kg7 26. c3 Rb6 27. Nc4 Rf6 28. Rxb7 Rc8 29. Ne5 a6 30. c4 Kg8 31. b4 Re6 32. c5 f6 33. Nc4 Rec6 34. Na5 Rxc5+ 35. bxc5 Rxc5+ 36. Kb2 Rxa5 37. Ra7 Rd5 38. Kc2 a5 39. g3 h6 40. Kc1 g5 41. Kc2 gxf4 42. gxf4 Rd3 43. Rxa5 Rf3 44. Rxf5 Rxf2+ 45. Kd1 Kf7 46. Ke1 Rf3 47. Ke2 Kg6 48. Rb5 h5 49. Rb4 Rxf4 50. Ke3 Rxh4 0-1

[Event "CZE-chTA U20 1314"]
[Site "Czech Republic"]
[Date "2014.04.26"]
[Round "10.4"]
[White "Novy, Filip"]
[Black "Kladnak, Martin"]
[Result "1-0"]
[WhiteElo "1803"]
[BlackElo "1945"]
[PlyCount "63"]
[EventDate "2013.10.12"]
[EventType "team-tourn"]
[EventRounds "11"]
[EventCountry "CZE"]
[SourceTitle "EXT 2015"]
[Source "ChessBase"]
[SourceDate "2014.11.20"]
[SourceVersion "1"]
[SourceVersionDate "2014.11.20"]
[SourceQuality "1"]
[WhiteTeam "Praha Oaza (U20)"]
[BlackTeam "Brno Duras (U20)"]
[WhiteTeamCountry "CZE"]
[BlackTeamCountry "CZE"]

1. e4 e5 2. Nf3 d6 3. d4 exd4 4. Nxd4 Nf6 5. Nc3 Be7 6. Be2 0-0 7. Be3 Nc6 8. 0-0 Re8 9. f4 Bd7 10. Bf3 Bf8 11. Kh1 Qc8 12. Qe2 Ng4 13. Bg1 g6 14. Nd5 Bg7 15. c3 Nh6 16. Nb5 Ne7 17. Nbxc7 Nxd5 18. Nxe8 Nxf4 19. Qd2 Qxe8 20. Qxf4 Qe6 21. Rfd1 Bf8 22. h3 f6 23. Qd2 Bc6 24. Qe3 Nf7 25. b3 b6 26. Re1 Ne5 27. Be2 Kg7 28. Rad1 Rd8 29. Bh2 Be7 30. Bxe5 Qxe5 31. Bc4 Bb5 32. Rd5 1-0

[Event "CZE-ch U16"]
[Site "Kouty nad Desnou"]
[Date "2014.03.10"]
[Round "3"]
[White "Krajicek, Filip"]
[Black "Kladnak, Martin"]
[Result "0-1"]
[WhiteElo "1671"]
[BlackElo "1713"]
[PlyCount "88"]
[EventDate "2014.03.08"]
[EventType "swiss"]
[EventRounds "9"]
[EventCountry "CZE"]
[SourceTitle "EXT 2015"]
[Source "ChessBase"]
[SourceDate "2014.11.20"]
[SourceVersion "1"]
[SourceVersionDate "2014.11.20"]
[SourceQuality "1"]

1. d4 Nf6 2. Nf3 g6 3. Bf4 Bg7 4. e3 d5 5. Bd3 0-0 6. 0-0 Nbd7 7. Nbd2 c5 8. c3 b6 9. Re1 Bb7 10. e4 cxd4 11. cxd4 dxe4 12. Nxe4 Nd5 13. Bg3 Rc8 14. Qd2 N7f6 15. Be5 Qd7 16. Bc2 Rfd8 17. a4 a5 18. Bxf6 Nxf6 19. Nxf6+ Bxf6 20. Be4 Bxe4 21. Rxe4 Qd5 22. Rae1 Rc4 23. Qd1 Bxd4 24. Nxd4 Rxd4 25. Rxd4 Qxd4 26. Qc2 Qd2 27. Qxd2 Rxd2 28. f3 e6 29. Rb1 Rd4 30. b3 Rb4 31. Kf2 b5 32. axb5 a4 33. Ke2 axb3 34. Kd3 Rxb5 35. Kc4 Rb7 36. Rxb3 Rxb3 37. Kxb3 Kg7 38. Kc4 g5 39. g4 Kg6 40. Kc5 f5 41. h3 h5 42. gxh5+ Kxh5 43. Kd6 Kh4 44. Kxe6 f4 0-1

[Event "CZE-chTE U20 1314"]
[Site "Czech Republic"]
[Date "2013.12.07"]
[Round "5.4"]
[White "Kladnak, Martin"]
[Black "Sucharda, David"]
[Result "0-1"]
[WhiteElo "1945"]
[BlackElo "1712"]
[PlyCount "60"]
[EventDate "2013.10.12"]
[EventType "team-tourn"]
[EventRounds "11"]
[EventCountry "CZE"]
[SourceTitle "EXT 2015"]
[Source "ChessBase"]
[SourceDate "2014.11.20"]
[SourceVersion "1"]
[SourceVersionDate "2014.11.20"]
[SourceQuality "1"]
[WhiteTeam "Brno Duras (U20)"]
[BlackTeam "Hradec Kralove (U20)"]
[WhiteTeamCountry "CZE"]
[BlackTeamCountry "CZE"]

1. d4 Nf6 2. Nf3 g6 3. c4 Bg7 4. Nc3 0-0 5. Bg5 d6 6. e3 Nbd7 7. Be2 c5 8. 0-0 Rb8 9. Qc2 a6 10. Rad1 Qa5 11. b3 b5 12. d5 Re8 13. Rfe1 Ng4 14. Ne4 bxc4 15. Bxc4 Nge5 16. Ned2 Qb6 17. e4 a5 18. Nxe5 Nxe5 19. f4 Ng4 20. Nf3 Ba6 21. h3 Bxc4 22. Qxc4 Nh6 23. e5 Qb4 24. exd6 exd6 25. Re4 Rxe4 26. Qc2 Nf5 27. a3 Qxb3 28. Qxe4 Qxd1+ 29. Kh2 Qb1 30. Qe2 Qb2 0-1

[Event "CZE-chTE U20 1314"]
[Site "Czech Republic"]
[Date "2013.10.13"]
[Round "4.4"]
[White "Kladnak, Martin"]
[Black "Jurasek, Vojtech"]
[Result "0-1"]
[WhiteElo "1945"]
[BlackElo "1479"]
[PlyCount "118"]
[EventDate "2013.10.12"]
[EventType "team-tourn"]
[EventRounds "11"]
[EventCountry "CZE"]
[SourceTitle "EXT 2015"]
[Source "ChessBase"]
[SourceDate "2014.11.20"]
[SourceVersion "1"]
[SourceVersionDate "2014.11.20"]
[SourceQuality "1"]
[WhiteTeam "Brno Duras (U20)"]
[BlackTeam "Brno Lokomotiva (U20)"]
[WhiteTeamCountry "CZE"]
[BlackTeamCountry "CZE"]

1. d4 c5 2. Nf3 cxd4 3. Nxd4 g6 4. e3 Bg7 5. Be2 Nf6 6. 0-0 0-0 7. c4 d6 8. Nc3 Bd7 9. Bd2 Nc6 10. Nxc6 Bxc6 11. Qc2 Rc8 12. Rac1 d5 13. c5 e6 14. b4 a6 15. Rfd1 Qe7 16. a4 Rfd8 17. Bf3 d4 18. Ne4 Nxe4 19. Bxe4 d3 20. Bxd3 Bxa4 21. Qxa4 Rxd3 22. Be1 Rcd8 23. Qc2 Qd7 24. Rxd3 Qxd3 25. Qxd3 Rxd3 26. Kf1 Kf8 27. Ke2 Rd7 28. f3 Ke7 29. Bg3 e5 30. h3 Ke6 31. c6 bxc6 32. Rxc6+ Rd6 33. Rc8 Rb6 34. Ra8 Rxb4 35. Rxa6+ Ke7 36. Bh4+ Rxh4 37. e4 Rf4 38. Ra7+ Kd6 39. Ra6+ Kc5 40. Ra5+ Kb6 41. Ra8 h5 42. Rg8 Bh6 43. Re8 Rf6 44. Rxe5 Re6 45. Rd5 Kc6 46. Rd8 Rd6 47. Rh8 Bf4 48. Rf8 Rd7 49. Ra8 Kd6 50. Ra6+ Ke7 51. Ra2 Kf6 52. Ra5 Rd2+ 53. Kf1 Bg3 54. Ra1 Kg5 55. Ra5+ Kh4 56. Ra7 Rf2+ 57. Kg1 Re2 58. Ra1 Re1+ 59. Rxe1 Bxe1 0-1

[Event "CZE-chTE U20 1314"]
[Site "Czech Republic"]
[Date "2013.10.12"]
[Round "1.4"]
[White "Ochmyt, Jakub"]
[Black "Kladnak, Martin"]
[Result "0-1"]
[WhiteElo "1611"]
[BlackElo "1945"]
[PlyCount "94"]
[EventDate "2013.10.12"]
[EventType "team-tourn"]
[EventRounds "11"]
[EventCountry "CZE"]
[SourceTitle "EXT 2015"]
[Source "ChessBase"]
[SourceDate "2014.11.20"]
[SourceVersion "1"]
[SourceVersionDate "2014.11.20"]
[SourceQuality "1"]
[WhiteTeam "Orlova Slavia (U20) II"]
[BlackTeam "Brno Duras (U20)"]
[WhiteTeamCountry "CZE"]
[BlackTeamCountry "CZE"]

1. d4 d5 2. c4 e6 3. Nc3 Nf6 4. Bg5 Be7 5. e3 h6 6. Bf4 0-0 7. Nf3 b6 8. Bd3 Bb7 9. Nb5 Na6 10. 0-0 c6 11. Nc3 c5 12. a3 cxd4 13. exd4 dxc4 14. Bxc4 Rc8 15. Be2 Nc7 16. Bxc7 Qxc7 17. Rc1 Qb8 18. Ne5 Rfd8 19. Bf3 Bxf3 20. Qxf3 Qa8 21. Qxa8 Rxa8 22. Nc6 Rd7 23. Rfd1 Kf8 24. Ne5 Rc7 25. Nb5 Rxc1 26. Rxc1 Nd5 27. Nc7 Nxc7 28. Rxc7 Ke8 29. Kf1 Bd6 30. Rc6 Bxe5 31. dxe5 Kd7 32. Rd6+ Ke7 33. Ke2 Rc8 34. Kd2 Rc5 35. f4 f6 36. Rd3 fxe5 37. fxe5 Rxe5 38. Rg3 Rg5 39. Rxg5 hxg5 40. Ke3 Kf6 41. Ke4 e5 42. g4 Ke6 43. b3 g6 44. a4 a5 45. h3 Kd6 46. Kd3 Kd5 47. Ke3 e4 0-1